000
00342nam a2200145Ia 4500
008
191201s2012 xx 000 0 und d
082
_a
658.4012
_b
KAS
100
_a
KAZMI, Azhar
245
0
_a
Strategic Management and Business Policy
250
_a
Rep
260
_a
N. Delhi
_b
TMH
_c
2012
300
_a
698
650
_a
BBA
942
_2
ddc
_c
BK
999
_c
4911
_d
4911